000 00906nam a22002897a 4500
001 BR0601795
003 BR-BrBNA
005 20230928102123.0
007 ta
008 230509b bl.||||| |||| 00| 0 por d
040 _aBR-BrBNA
_bpor
_cBiblioteca Nacional de Agricultura
041 _a(Por)
072 _aE50; C30
090 _ E50 BR0601795
100 1 _aAbreu, N.R. de
110 1 _aUniversidade Federal de Lavras, MG (Brasil)
_0Tese (Doutorado)
245 1 _aComunidades virtuais como fonte de informações para estratégias mercadológicas: o caso do setor de turismo
260 3 _aLavras, MG (Brasil):
_c2006.
300 _a249 p.
500 _aSummaries En, Pt); 11 illus.; Bibliography p. 212-233
650 _aCOMUNIDADE RURAL
650 _aTURISMO
650 _aPESQUISA DE MERCADO
650 _aCIENCIA DA INFORMAÇÃO
909 _a202309
_bLucia
_c55
_dLucia Elande
942 _cBK
999 _c69235
_d69235